000 00528nam a2200169 i 4500
001 72530
003 ES-MaACL
005 20230906171450.0
007 t|
008 040901s1973 sp ||||1| spa d
100 1 _aGittinger, J. Price.
_957351
245 1 0 _aAnalísis económico de proyectos agrícolas /
_cJ. Price Gittinger.
260 _aMadrid :
_bInstituto de Desarrollo Económico,
_c[1973]
300 _a241 p. ;
_c24 cm.
710 2 _aInstituto de Desarrollo Económico.
_94862
852 _aES-MaACL
_jC-52802
_bR.86037
999 _c72530
_d72530